Most Valuable Footballers at the FIFA World Cup 2022 A-Z - Statistics

General Stats
  • This quiz has been taken 1,464 times
  • The average score is 16 of 27
Answer Stats
Letter Market Value Country Answer % Correct
M €160.00m France Kylian Mbappé
89%
B €100.00m England Jude Bellingham
84%
N €75.00m Brazil Neymar
82%
P €100.00m Spain Pedri
82%
G €90.00m Spain Gavi
81%
K €90.00m England Harry Kane
81%
D €80.00m Belgium Kevin De Bruyne
81%
F €110.00m England Phil Foden
79%
E €25.00m Denmark Christian Eriksen
74%
V €100.00m Uruguay Federico Valverde
70%
X €28.00m Switzerland Granit Xhaka
69%
J €120.00m Brazil Vinicius Junior
63%
L €85.00m Portugal Rafael Leão
60%
S €90.00m England Bukayo Saka
59%
H €70.00m Germany Kai Havertz
53%
R €80.00m Spain Rodri
51%
R €80.00m Brazil Rodrygo
51%
T €80.00m France Aurélien Tchouameni
49%
Z €40.00m Poland Piotr Zielinski
49%
U €50.00m France Dayot Upamecano
47%
C €70.00m Portugal João Cancelo
46%
R €80.00m England Declan Rice
44%
A €75.00m Brazil Antony
42%
O €40.00m Spain Dani Olmo
41%
W €25.00m Spain Nico Williams
24%
Y €2.00m United States DeAndre Yedlin
20%
I €13.00m Serbia Ivan Ilić
14%
No matching quizzes found
Score Distribution
Percent of People with Each Score
Percentile by Number Answered
Your Score History
You have not taken this quiz